| 000 | 00955nam a2200241Ia 4500 | ||
|---|---|---|---|
| 003 | IN-BaIIA | ||
| 008 | 211028s9999 xx 000 0 eng d | ||
| 020 | _a90-277-0351-5 | ||
| 040 | _cIIA Library | ||
| 080 |
_a082.2:52 _bIAU-S51 |
||
| 110 |
_aIntenational Astronomical Union _97632 |
||
| 111 |
_aIntenational Astronomical Union Symposium _n51th _cParksville, Canada _d1972 Oct. 6-12 _97633 |
||
| 245 | 0 |
_aExtended atmospheres and circumstellar matter in spectroscopic binary systems _bproceedings of the IAU Symposium No.51, held at Parksville, Canada on September, 06-12, 1972 _cedited by A. H. Batten |
|
| 260 |
_aDordrecht _bD. Reidel Publishing _c1973 |
||
| 300 | _axiv, 291p. | ||
| 490 | _aIAU Symposium; no. 51 | ||
| 650 | _aAstronomy and Astrophysics Thesaurus | ||
| 650 |
_abinary stars _91185 |
||
| 650 |
_aCircumstellar matter _91297 |
||
| 700 |
_aBatten, A. H., ed. _97634 |
||
| 710 |
_aIntenational Astronomical Union _97632 |
||
| 942 | _cBK | ||
| 999 |
_c4349 _d4349 |
||